000
00343nam a2200145Ia 4500
008
260216s2018 xx 000 0 und d
020
_a
978-1-108-47439-9
041
_a
eng
082
_a
618.2 JAM
100
_a
James
245
_a
High-Risk Pregnancy vol-1
250
_a
4th
260
_b
Cambridge University
_c
2018
300
_a
v-1084P
999
_c
1216130
_d
1216130